A remainder of one / (Record no. 7755)

MARC details
000 -LEADER
fixed length control field 01041nam a22003017a 4500
001 - CONTROL NUMBER
control field 7755
003 - CONTROL NUMBER IDENTIFIER
control field FISKH
005 - DATE AND TIME OF LATEST TRANSACTION
control field 20250820093123.0
008 - FIXED-LENGTH DATA ELEMENTS--GENERAL INFORMATION
fixed length control field 250805b cb ||||| |||| 00| 0 eng d
020 ## - INTERNATIONAL STANDARD BOOK NUMBER
International Standard Book Number 9780618250776
040 ## - CATALOGING SOURCE
Original cataloging agency DLC
Transcribing agency DLC
Modifying agency DLC
Language of cataloging eng
050 ## - LIBRARY OF CONGRESS CALL NUMBER
Classification number PZ8.P558676 R
082 ## - DEWEY DECIMAL CLASSIFICATION NUMBER
Classification number 513
100 1# - MAIN ENTRY--PERSONAL NAME
Personal name Pinczes, Elinor J
Dates associated with a name (–2021)
245 12 - TITLE STATEMENT
Title A remainder of one /
Statement of responsibility, etc. By Elinor J. Pinczes ; illustrated by Bonnie MacKain.
250 ## - EDITION STATEMENT
Edition statement This edition first published in 1995
260 ## - PUBLICATION, DISTRIBUTION, ETC.
Place of publication, distribution, etc. New York :
Name of publisher, distributor, etc. Houghton Mifflin,
Date of publication, distribution, etc. 1995.
300 ## - PHYSICAL DESCRIPTION
Extent 30 unnumberpages :
Other physical details color illustrations ;
Dimensions 21 x 23 cm
505 ## - FORMATTED CONTENTS NOTE
Formatted contents note P<br/>
520 ## - SUMMARY, ETC.
Summary, etc. When the queen of the bugs demands that her army march in even lines, Private Joe divides the marchers into more and more lines so that he will not be left out of the parade.<br/>
521 8# - TARGET AUDIENCE NOTE
Target audience note 640<br/>
Source Lexile<br/>
521 8# - TARGET AUDIENCE NOTE
Target audience note P<br/>
Source Raz-Plus<br/>
650 #1 - SUBJECT ADDED ENTRY--TOPICAL TERM
Topical term or geographic name entry element Insects
General subdivision Fiction.
650 #1 - SUBJECT ADDED ENTRY--TOPICAL TERM
Topical term or geographic name entry element Division
General subdivision Fiction.
700 1# - ADDED ENTRY--PERSONAL NAME
Personal name MacKain, Bonnie,
Relator term illustrator
942 ## - ADDED ENTRY ELEMENTS (KOHA)
Source of classification or shelving scheme Dewey Decimal Classification
Koha item type Books
Suppress in OPAC No
Holdings
Withdrawn status Lost status Source of classification or shelving scheme Damaged status Not for loan Collection Home library Current library Shelving location Date acquired Total Checkouts Full call number Barcode Date last seen Copy number Price effective from Koha item type
    Dewey Decimal Classification     Juvenile Fiction Footprints International School Library Network Toul Tom Poung Campus Footprints International School Library Network Toul Tom Poung Campus TTP Primary Yellow Bookshelves 08/05/2025   PIN 513 PZ8.P558676 R FISTK03896 08/05/2025 1 08/05/2025 Books
    Dewey Decimal Classification     Juvenile Fiction Footprints International School Library Network Toul Tom Poung Campus Footprints International School Library Network Toul Tom Poung Campus TTP Primary Yellow Bookshelves 08/20/2025   PIN 513 PZ8.P558676 R FIS01814 08/20/2025 2 08/20/2025 Books